|
|
|
|
| LEADER |
00000nas a2200000 a 4500 |
| 001 |
ssj0001053422 |
| 003 |
WaSeSS |
| 005 |
20200512172242.0 |
| 006 |
m d |
| 007 |
cr n |
| 008 |
050207c20049999nyuqx p s 0 a0eng |
| 010 |
|
|
|a 2005200880
|
| 022 |
|
|
|l 1554-9933
|y 1554-9933
|
| 035 |
|
|
|a (WaSeSS)ssj0001053422
|
| 037 |
|
|
|b Nova Science Publishers, Inc., 400 Oser Ave., Ste. 1600, Hauppauge, NY 11788-3619
|
| 040 |
|
|
|a DLC
|c DLC
|d NSDP
|d DLC
|d OCoLC
|d WaSeSS
|
| 042 |
|
|
|a pcc
|a nsdp
|
| 043 |
|
|
|a n-us---
|
| 050 |
0 |
0 |
|a GV583
|b .J64
|
| 082 |
1 |
0 |
|a 796
|2 13
|
| 222 |
|
0 |
|a Journal of contemporary athletics
|
| 245 |
0 |
0 |
|a Journal of contemporary athletics
|h [electronic resource].
|
| 260 |
|
|
|a Hauppauge, NY :
|b Nova Science Publishers,
|c c2004-
|
| 310 |
|
|
|a Four no. a year
|
| 362 |
0 |
|
|a Vol. 1, no. 1 (2004)-
|
| 500 |
|
|
|a Title from cover.
|
| 506 |
|
|
|a License restrictions may limit access.
|
| 650 |
|
0 |
|a Sports
|z United States
|v Periodicals.
|
| 655 |
|
0 |
|a Electronic journals.
|
| 710 |
2 |
|
|a Nova Science Publishers.
|
| 850 |
|
|
|a DLC
|
| 852 |
|
|
|x universal pattern
|
| 853 |
2 |
0 |
|8 1
|a v.
|b no.
|u 4
|v r
|i (year)
|w 4
|
| 856 |
4 |
0 |
|z Full text available from Research Library: 01/01/2011 to present
|u https://search.proquest.com/publication/2034846
|
| 863 |
4 |
1 |
|8 1.1
|a 1
|b 1
|i 2004
|